00422nam a2200181Ia 4500008004100000041000800041082001600049100001100065245002700076260004200103300000800145365000700153500001400160501001000174520000700184650003000191999001900221230725s1998 xx 000 0 und d aeng a616.07bNAG aNAGAL  aTEXT BOOK OF PATHOLOGY bC.B.S. PUBLISHERS & DISTRUTORS c1998 a934 h20 aTEXT BOOK aP & T aPB aPHARMACOLOGY & TOXICOLOGY c767924d767924